Financial Theory and Corporate Policy / Third Edition (Record no. 810)
[ view plain ]
| 000 -LEADER | |
|---|---|
| fixed length control field | 01516cam a22002174a 4500 |
| 005 - ΗΜΕΡΟΜΗΝΙΑ ΚΑΙ ΩΡΑ ΤΕΛΕΥΤΑΙΑΣ ΕΝΗΜΕΡΩΣΗΣ | |
| Πεδίο ελέγχου | 20250605163946.0 |
| 008 - FIXED-LENGTH DATA ELEMENTS--GENERAL INFORMATION | |
| Πεδίο ελέγχου σταθερού μήκους | 250528s ||||||||||||||||||||||||d |
| 035 ## - SYSTEM CONTROL NUMBER | |
| System control number | 15216 |
| 020 ## - ISBN | |
| ISBN | 201106485 |
| 040 ## - ΠΗΓΗ ΚΑΤΑΛΟΓΟΓΡΑΦΗΣΗΣ | |
| Φορέας πρωτότυπης καταλογογράφησης | MC Athens Campus Library |
| Γλώσσα καταλογογράφησης | Ελληνικά, Μοντέρνα (1453-) |
| Modifying agency | MC Athens Campus Library |
| Κανόνες περιγραφικής καταλογογράφησης | AACR2 |
| 245 1# - ΤΙΤΛΟΣ ΚΑΙ ΔΗΛΩΣΗ ΥΠΕΥΘΥΝΟΤΗΤΑΣ | |
| Τίτλος | Financial Theory and Corporate Policy / Third Edition |
| 250 ## - EDITION STATEMENT | |
| Edition statement | 3rd |
| 260 ## - PUBLICATION, DISTRIBUTION, ETC. | |
| Name of publisher, distributor, etc. | Allyn And Bacon, |
| Date of publication, distribution, etc. | 1988 |
| 300 ## - PHYSICAL DESCRIPTION | |
| Extent | 948 |
| 520 ## - SUMMARY, ETC. | |
| Summary, etc. | The authors provide a concise, unified treatment of finance, combining theory, empirical evidence, and applications. The Theory of Finance, Introduction: Capital Markets and Consumption and Investment, Investment Decisions: The Certainty Case, More Advanced Capital Budgeting Topics, The Theory of Choice: Utility Theory Given Uncertainty, Market Equilibrium: CAPM and APT, Future Contracts and Markets, Efficient Capital Markets: Theory, Corporate Policy: Theory and Evidence and Applications, Efficient Capital Markets: Evidence, Capital Budgeting Under Uncertainty: The Multiperiod Case, Capital Structure and the Cost of Capital: Theory, Capital Structure: Empirical Evidence and Applications, Dividend Policy: Theory, The Economics of Leasing, Applied Issues in Corporate Finance, Mergers and Restructuring: Tests and Applications, Exchange Rate Systems and Parity Conditions, International Financial Management: Tests and Implications, Appendices, Author and Subject Index. |
| 700 1# - ΠΡΟΣΘΕΤΗ ΑΝΑΓΡΑΦΗ--ΦΥΣΙΚΟ ΠΡΟΣΩΠΟ | |
| Personal name | Copeland Thomas E |
| 9 (RLIN) | 1095 |
| 700 1# - ΠΡΟΣΘΕΤΗ ΑΝΑΓΡΑΦΗ--ΦΥΣΙΚΟ ΠΡΟΣΩΠΟ | |
| Personal name | Fred Weston J |
| 9 (RLIN) | 1096 |
| 942 ## - ADDED ENTRY ELEMENTS (KOHA) | |
| Koha item type | Books |
| Τύπος τεκμηρίου | Βιβλιοθήκη | Τρέχουσα τοποθεσία | Barcode | Αριθμός εισαγωγής | Ημερομηνία απόκτησης | Ταξιθετικό σύμβολο | Αριθμός αντιτύπου | Κατάσταση απόσυρσης | Κατάσταση χαμένου | Κατάσταση κατεστραμμένου | Μη δανεισμός | Σύνολο δανεισμών | Ημερομηνία τελευταίας εμφάνισης | Η τιμή ισχύει από |
|---|---|---|---|---|---|---|---|---|---|---|---|---|---|---|
| Books | MC Athens Campus Library | MC Athens Campus Library | 9780000008091 | 1453 | 05/06/2025 | 658.15 COP | 1 | 05/06/2025 | 05/06/2025 |